| 000 | 00688nam a2200289Ia 4500 | ||
|---|---|---|---|
| 008 | 171120s9999 xx 000 0 und d | ||
| 020 | _a9.7804705257e+012 | ||
| 050 | _a951 | ||
| 050 | _bL735 2010 | ||
| 100 | _aLin-Liu, Jen | ||
| 245 | _aFrommer's Beijing / | ||
| 245 | _cby Jen Lin-Liu and Sherisse Pham. | ||
| 250 | _aSixth edition | ||
| 260 | _bWiley, | ||
| 260 | _c2010 | ||
| 300 | _a248 pages : | ||
| 300 | _billustrations ; | ||
| 300 | _c20cm. | ||
| 500 | _aIncludes index. | ||
| 650 | _aBeijing(China) -- | ||
| 650 | _aChina -- | ||
| 650 | _aChina. | ||
| 650 | _xGuidebooks. | ||
| 650 | _xGuidebooks. | ||
| 700 | _aPham, Sherisse. | ||
| 700 | _aTitle. | ||
| 999 |
_c345007 _d345007 |
||